Understanding your church's curriculum / (Record no. 2851)

MARC details
000 -LEADER
fixed length control field 00834nam a2200265 a 4500
001 - CONTROL NUMBER
control field 2300486
003 - CONTROL NUMBER IDENTIFIER
control field GBCCL
005 - DATE AND TIME OF LATEST TRANSACTION
control field 20241126110441.0
008 - FIXED-LENGTH DATA ELEMENTS--GENERAL INFORMATION
fixed length control field 810506s1981 tnua b 000 0 eng
010 ## -
-- 80067351
020 ## - INTERNATIONAL STANDARD BOOK NUMBER
International Standard Book Number 0805432019 (pbk.)
040 ## - CATALOGING SOURCE
Original cataloging agency DLC
Transcribing agency DLC
Modifying agency DLC
050 00 -
-- BV1558
-- .C6 1981
082 00 - DEWEY DECIMAL CLASSIFICATION NUMBER
Classification number 268.6
Edition information 19
Item number COL
100 1# - MAIN ENTRY--PERSONAL NAME
Personal name Colson, Howard P.,
Dates associated with a name 1910-
9 (RLIN) 5973
245 10 - TITLE STATEMENT
Title Understanding your church's curriculum /
Statement of responsibility, etc. Howard P. Colson and Raymond M. Rigdon.
250 ## - EDITION STATEMENT
Edition statement Rev. ed.
260 ## - PUBLICATION, DISTRIBUTION, ETC.
Place of publication, distribution, etc. Nashville, Tenn. :
Name of publisher, distributor, etc. Broadman Press,
Date of publication, distribution, etc. c1981.
300 ## - PHYSICAL DESCRIPTION
Extent 158 p. :
Other physical details ill. ;
Dimensions 20 cm.
504 ## - BIBLIOGRAPHY, ETC. NOTE
Bibliography, etc. note Includes bibliographical references.
650 #0 - SUBJECT ADDED ENTRY--TOPICAL TERM
Topical term or geographic name entry element Christian education
General subdivision Curricula.
9 (RLIN) 5974
700 1# - ADDED ENTRY--PERSONAL NAME
Personal name Rigdon, Raymond M.
9 (RLIN) 5975
906 ## - LOCAL DATA ELEMENT F, LDF (RLIN)
a 7
b cbc
c orignew
d 2
e opcn
f 19
g y-gencatlg
942 ## - ADDED ENTRY ELEMENTS (KOHA)
Source of classification or shelving scheme Dewey Decimal Classification
Koha item type Books
Koha issues (borrowed), all copies 1
Holdings
Withdrawn status Lost status Source of classification or shelving scheme Damaged status Not for loan Home library Current Library Shelving location Date acquired Total checkouts Full call number Barcode Date last seen Date last checked out Copy number Price effective from Koha item type
    Dewey Decimal Classification     GRACE BIBLE COLLEGE GRACE BIBLE COLLEGE Ministry & Mission 2017-10-04 1 268.6 COL 005279 2025-05-01 2024-11-07 c.1 2017-10-04 Books
© Grace Bible College Library 2025